Personnage des aventures de Tintin : Hippolyte Bergamotte - Statistiques

Statistiques générales
  • Ce quiz a été pris 69 fois
  • Le résultat moyen est 14 sur 18
Statistiques - réponses
Questions Réponses % Correct
Civilisation précolombienne qu'étudia en particulier l'expédition. La civilisation inca
98%
Pays d'Amérique du Sud que parcourut cette expédition. Le Pérou
98%
Personnage récurrent des aventures de Tintin qui est l'ami de longue date d'Hippolyte Bergamotte. Le Professeur Tryphon Tournesol
96%
Albums dans lesquels apparaît Hippolyte Bergamotte. Les Sept boules de cristal
95%
Compagnon de Tintin qui a été effrayé par la momie chez Hyppolyte Bergamotte. Milou
95%
Roi dont la momie a été ramenée en Europe par l'expédition et est conservée chez Hippolyte Bergamotte. Rascar Capac
93%
Bijou trouvé par l'ami d'Hippolyte Bergamotte (réponse #10) dans le jardin de ce dernier, bijou appartenant à la momie. Un bracelet
93%
Phénomène météorologique qui a incité Hippolyte Bergamotte à inviter Tintin et Haddock à passer la nuit chez lui. Un orage
93%
Albums dans lesquels apparaît Hippolyte Bergamotte. Le Temple du Soleil
89%
Bergamotte salua Tintin et Haddock avec une ____ de fer. Poigne
89%
Durée du séjour de l'expédition en Amérique du sud (en nombre d'années). Deux ans
87%
Pays d'Amérique du Sud que parcourut cette expédition. La Bolivie
76%
Période de la vie de Bergamotte durant laquelle il a connu le précédent. Les études
76%
Nom de l'expédition dont fit partie Hippolyte Bergamotte qui avait pour objectif de rapporter en Europe des vestiges de civilisations précolombiennes. L'Expédition Sanders-Hardmuth
58%
État biologique où les fonctions vitales sont fortement ralenties (hibernation, estivation) comme dans un sommeil profond. État dans lequel sont plongés tour à tour les sept membres de l'expédition en Amérique du sud, Bergamotte étant le dernier d'entre eux. La léthargie
53%
Futur créateur de Blake & Mortimer qui dessina des croquis de la maison d'Hippolyte Bergamotte en compagnie d'Hergé en se basant sur le modèle d'une vieille maison située à Watermael-Boitsfort près de Bruxelles où résidait alors Hergé, sans savoir que que celle-ci avait été réquisitionnée par des officiers allemands d'occupation. Edgar Pierre Jacobs
51%
Science qu'étudie Hippolyte Bergamotte. L'ethnologie
36%
Pays dans lequel est traditionnellement cultivée la bergamote, agrume ressemblant à des oranges vertes. L'Italie
36%
Aucun quiz correspondant
Distribution des résultats
% des personnes avec chaque résultat
Percentile par nombre de réponses
Votre historique - résultats
Vous n’avez pas pris ce quiz